ბათუმის შოთა რუსთაველის სახელმწიფო უნივერსიტეტის ბიბლიოთეკა

Автоматика, телемеханика и связь на международном транспорте. (ბიბ.ჩანაწერი № 40372)

000 -LEADER
fixed length control field 00758nam a2200217Ia 4500
001 - CONTROL NUMBER
control field 6980
003 - CONTROL NUMBER IDENTIFIER
control field GE_BSU
008 - FIXED-LENGTH DATA ELEMENTS--GENERAL INFORMATION
fixed length control field 181216s||||||||xx |||||||||||||| ||und||
040 ## - CATALOGING SOURCE
Transcribing agency GE_BSU
080 ## - UNIVERSAL DECIMAL CLASSIFICATION NUMBER
Universal Decimal Classification number 656.25
100 ## - MAIN ENTRY--PERSONAL NAME
Personal name Борисов,Д.П. Казанов,А.А. и др.
245 ## - TITLE STATEMENT
Title Автоматика, телемеханика и связь на международном транспорте.
245 ## - TITLE STATEMENT
Remainder of title Учебник.
245 ## - TITLE STATEMENT
Statement of responsibility, etc. Ред.: В.П. Репнева и Т.В.Бирюкова.
260 ## - PUBLICATION, DISTRIBUTION, ETC.
Place of publication, distribution, etc. М.
260 ## - PUBLICATION, DISTRIBUTION, ETC.
Name of publisher, distributor, etc. Транспорт.
260 ## - PUBLICATION, DISTRIBUTION, ETC.
Date of publication, distribution, etc. 1973.
300 ## - PHYSICAL DESCRIPTION
Extent 312стр.27см.
653 ## - INDEX TERM--UNCONTROLLED
Uncontrolled term Автоматика, телемеханика и связь на международном транспорте.
942 ## - ADDED ENTRY ELEMENTS (KOHA)
Koha item type წიგნი
ეგზემპლარები
Withdrawn status Lost status Damaged status Not for loan Date acquired Barcode Date last seen Price effective from Koha item type
        2018-12-17 12001 2018-12-17 2018-12-17 წიგნი
        2018-12-17 12002 2018-12-17 2018-12-17 წიგნი
        2018-12-17 12003 2018-12-17 2018-12-17 წიგნი